Proceedings of the Conference on Advances in Materials Technology for Process Industries' Needs : Atlanta, Georgia, October 29-31, 1984 /
Guardado en:
| Autores Corporativos: | , , |
|---|---|
| Formato: | Libro |
| Idioma: | English |
| Publicado: |
Houston, Tex. :
National Association of Corrosion Engineers (NACE),
c1985.
|
| Materias: | |
| Etiquetas: |
Agregar Etiqueta
Sin Etiquetas, Sea el primero en etiquetar este registro!
|
| LEADER | 01321cam a22002775a 4500 | ||
|---|---|---|---|
| 001 | EIQ.libpla001106 | ||
| 008 | 870713s1985####txua#####b####101#0#eng#d | ||
| 005 | 20060807181033.0 | ||
| 245 | 1 | 0 | |a Proceedings of the Conference on Advances in Materials Technology for Process Industries' Needs : |b Atlanta, Georgia, October 29-31, 1984 / |c sponsored by Federation of Materials Societies ... [et al.] ; cosponsored by American Concrete Institute ... [et al.]. |
| 260 | |a Houston, Tex. : |b National Association of Corrosion Engineers (NACE), |c c1985. | ||
| 300 | |a 272 p. : |b il. ; |c 28 cm. | ||
| 504 | |a Incluye referencias bibliográficas e índices. | ||
| 020 | |a 0915567148 (pbk.) | ||
| 111 | 2 | |a Conference on Advances in Materials Technology for Process Industries' Needs |d (1984 : |c Atlanta, Ga.) | |
| 710 | 2 | |a Federation of Materials Societies. | |
| 710 | 2 | |a National Association of Corrosion Engineers. | |
| 082 | 0 | 0 | |a 660.2/83 |2 19 |
| 650 | 4 | |a Ingeniería química |x Congresos. | |
| 650 | 4 | |a Ingeniería química |x Equipo y fuentes. | |
| 650 | 4 | |a materiales |x Congresos. | |
| 650 | 4 | |a Chemical engineering |x Congresses. | |
| 650 | 4 | |a Chemical engineering |x Equipment and supplies. | |
| 650 | 0 | |a Materials |x Congresses. | |
| 010 | |a 85062451 | ||
| 040 | |a DLC |c DLC |d AR-BbSID | ||
| 859 | |a AR-BbSID |b BIB. PLAPIQUI |h 620.112 |i C 62 |p 3786 | ||
